| 000 | 00897nam a2200265 i 4500 | ||
|---|---|---|---|
| 001 | 000004459 | ||
| 003 | DO-SdBNP | ||
| 005 | 20230908153802.0 | ||
| 007 | ta | ||
| 008 | 090723s1996 dr r 000 0 spa d | ||
| 040 |
_aDO-SdBNP _bspa _cBNPHU _erda |
||
| 082 | 4 |
_bP349d _222 |
|
| 100 | 1 |
_aPeña, Myrna de, _913066 _eautora |
|
| 245 | 1 | 0 |
_aDesde la zona colonial : _bla perpetua novedad de su pasado / _cMyrna De Peña. |
| 264 |
_aSanto Domingo : _bBanco Central de la República Dominicana, _c1996. |
||
| 300 |
_a159 páginas ; _c22 cm. |
||
| 336 |
_2rdacontent _atexto _btxt |
||
| 337 |
_2rdamedia _asin mediación _bnc |
||
| 338 |
_2rdacarrier _avolumen _bn |
||
| 500 | _aIncluye datos biográficos de la autora en la contracubierta | ||
| 500 | _aIncluye referencia bibliográficas y notas al pie de las páginas | ||
| 590 | _aInventariado, 2023/BT | ||
| 910 | _aBtavárez | ||
| 942 |
_2ddc _cLBS1 |
||
| 999 |
_c4268 _d4268 |
||